<The> Transition in Central and Eastern Europe and the Former Soviet Union
Uložené v:
| Hlavný autor: | |
|---|---|
| Ďalší autori: | , |
| Médium: | Kniha |
| Jazyk: | English |
| Vydavateľské údaje: |
Washington
The World Bank
[1994]
|
| Vydanie: | 1. ed. |
| Edícia: | <The> Evolving Role of The World Bank
|
| Predmet: | |
| Tagy: |
Žiadne tagy, Buďte prvý, kto otaguje tento záznam!
|
MARC
| LEADER | 00000nam a2200000 4500 | ||
|---|---|---|---|
| 001 | c006043 | ||
| 005 | 20221205141132.0 | ||
| 020 | |a 0-8213-3082-9 | ||
| 041 | 0 | |a eng | |
| 044 | |a US | ||
| 245 | 1 | 0 | |a <The> Transition in Central and Eastern Europe and the Former Soviet Union |c Kemal Dervis, Marcelo Selowsky, Christine Wallich |
| 250 | |a 1. ed. | ||
| 264 | 1 | |a Washington |b The World Bank |c [1994] | |
| 300 | |a 37 s. | ||
| 490 | 1 | |a <The> Evolving Role of The World Bank | |
| 830 | 0 | |a <The> Evolving Role of The World Bank | |
| 610 | 2 | 0 | |a stredná Európa |
| 610 | 2 | 0 | |a východná Európa |
| 610 | 2 | 0 | |a Spoločenstvo nezávislých štátov |
| 610 | 2 | 0 | |a trh práce |
| 610 | 2 | 0 | |a infraštruktúra |
| 610 | 2 | 0 | |a financie |
| 610 | 2 | 0 | |a obdobie prechodné |
| 610 | 2 | 0 | |a Svetová banka |
| 610 | 2 | 0 | |a stabilizácia hospodárstva |
| 610 | 2 | 0 | |a inštitucionalizmus |
| 610 | 2 | 0 | |a vláda |
| 610 | 2 | 0 | |a sektor súkromný |
| 610 | 2 | 0 | |a zabezpečenie sociálne |
| 610 | 2 | 0 | |a pomoc finančná |
| 100 | 1 | |a Dervis, Kemal | |
| 700 | 1 | |a Selowsky, Marcelo | |
| 700 | 1 | |a Wallich, Christine | |